15 Most populated European cities with no repeated letters - Statistics

General Stats
  • This quiz has been taken 36 times
  • The average score is 11 of 15
Answer Stats
Pop Answer % Correct
10.6mill Paris
100%
4.3mill Berlin
97%
3.4mill Rome
97%
5mill Milan
87%
4.1mill Naples
84%
3.4mill Athens
81%
13.5mill Istanbul
81%
2.5mill Lisbon
81%
2.5mill Budapest
74%
2.6mill Hamburg
74%
2mill Munich
74%
3.25mill Kiev
71%
1.78mill Bucharest
68%
1.8mill Minsk
65%
2.45mill Katowice
10%
No matching quizzes found
Score Distribution
Percent of People with Each Score
Percentile by Number Answered
Your Score History
You have not taken this quiz